[Event "Balears-ch Amateurs"]
[Site "Palma de Mallorca"]
[Date "2016.03.26"]
[Round "3"]
[White "Rossello Sanchez, Bartolome"]
[Black "Morant Sampol, Jaime"]
[Result "0-1"]
[WhiteElo "1511"]
[BlackElo "1789"]
[PlyCount "33"]
[EventDate "2016.03.24"]
[EventType "swiss"]
[EventRounds "6"]
[EventCountry "ESP"]
[SourceTitle "CBM 171 Extra"]
[Source "ChessBase"]
[SourceDate "2016.04.26"]
[SourceVersion "1"]
[SourceVersionDate "2016.04.26"]
[SourceQuality "1"]

1. b3 f5 2. Bb2 e6 3. e3 Nf6 4. d3 b6 5. Nd2 Bb7 6. Ngf3 Be7 7. a3 c5 8. Be2 Nc6 9. e4 fxe4 10. dxe4 0-0 11. Bd3 Rc8 12. Ng1 Qe8 13. f4 d5 14. h4 Nxe4 15. Nxe4 dxe4 16. Bxe4 Rd8 17. Qe2 0-1

[Event "Mallorca-chT Primera"]
[Site "Palma de Mallorca"]
[Date "2012.02.25"]
[Round "4.3"]
[White "Alemany Jara, Alejandro"]
[Black "Morant Sampol, Jaime"]
[Result "1-0"]
[WhiteElo "1873"]
[BlackElo "1877"]
[PlyCount "49"]
[EventDate "2012.01.28"]
[EventType "team"]
[EventRounds "9"]
[EventCountry "ESP"]
[SourceTitle "EXT 2014"]
[Source "ChessBase"]
[SourceDate "2013.11.20"]
[SourceVersion "1"]
[SourceVersionDate "2013.11.20"]
[SourceQuality "1"]

1. e4 e6 2. d4 d5 3. Nd2 dxe4 4. Nxe4 Nd7 5. Nf3 Ngf6 6. Bd3 Nxe4 7. Bxe4 Nf6 8. Bd3 Be7 9. Bd2 0-0 10. Qe2 Bd7 11. 0-0-0 a6 12. c4 Ba4 13. Rde1 b5 14. c5 b4 15. Bxb4 Bb5 16. a3 c6 17. Bc3 Qd5 18. Kb1 Rfd8 19. Qc2 Bxd3 20. Qxd3 Bxc5 21. Re5 Qb3 22. Rxc5 Rab8 23. Ne5 Qxa3 24. Kc2 Qxc5 25. dxc5 1-0

[Event "Palma de Mallorca op 3rd"]
[Site "Palma de Mallorca"]
[Date "2008.12.13"]
[Round "8"]
[White "Morant Sampol, Jaime"]
[Black "Roig Squar, Jason"]
[Result "0-1"]
[WhiteElo "1885"]
[BlackElo "2081"]
[PlyCount "60"]
[EventDate "2008.12.06"]
[EventType "swiss"]
[EventRounds "9"]
[EventCountry "ESP"]
[SourceTitle "CBM 127 Extra"]
[Source "ChessBase"]
[SourceDate "2009.01.08"]
[SourceVersion "2"]
[SourceVersionDate "2009.01.28"]
[SourceQuality "1"]

1. c4 e5 2. Nc3 Nf6 3. g3 Bb4 4. Qc2 0-0 5. Nd5 Nxd5 6. cxd5 d6 7. Bg2 Bc5 8. Nh3 Bg4 9. 0-0 Bxe2 10. Re1 Bh5 11. Rxe5 Bg6 12. d3 Bxf2+ 13. Nxf2 dxe5 14. d6 c6 15. Ne4 Bxe4 16. Bxe4 Qxd6 17. Be3 Nd7 18. d4 h6 19. dxe5 Qxe5 20. Re1 Rfe8 21. Bf2 Qa5 22. Rd1 Nf6 23. Be1 Qxa2 24. Bf5 Rad8 25. Rxd8 Rxd8 26. Bc3 Qc4 27. Qf2 Ne4 28. Bxe4 Rd1+ 29. Kg2 Qxe4+ 30. Kh3 Rd5 0-1

[Event "Calvia op"]
[Site "Calvia"]
[Date "2006.10.11"]
[Round "1.14"]
[White "Morant Sampol, Jaime"]
[Black "Pascual Genoves, Marc"]
[Result "1/2-1/2"]
[WhiteElo "1927"]
[BlackElo "2206"]
[PlyCount "88"]
[EventDate "2006.10.11"]
[EventType "swiss"]
[EventRounds "9"]
[EventCountry "ESP"]
[SourceTitle "EXT 2007"]
[Source "ChessBase"]
[SourceDate "2006.11.23"]
[SourceVersion "1"]
[SourceVersionDate "2006.11.23"]
[SourceQuality "1"]

1. c4 g6 2. d4 Bg7 3. e3 d6 4. Nf3 f5 5. Nc3 Nf6 6. Bd3 0-0 7. 0-0 Qe8 8. c5 dxc5 9. Qb3+ Kh8 10. dxc5 e5 11. Bb5 Qe7 12. Bc4 Nc6 13. Nd5 Nxd5 14. Bxd5 Qxc5 15. e4 Qb6 16. Qa3 Bd7 17. Ng5 fxe4 18. Be3 Nd4 19. Nf7+ Rxf7 20. Bxf7 Bf8 21. Bxd4 exd4 22. Qg3 Bg7 23. Rac1 Bc6 24. Qh3 Bb5 25. Rfe1 Rf8 26. Qe6 Qxe6 27. Bxe6 e3 28. fxe3 dxe3 29. Bc4 Bc6 30. Re2 Bd4 31. Rf1 Rf5 32. Rxf5 gxf5 33. Bd3 f4 34. Kf1 Bd5 35. b3 c5 36. Rc2 Kg7 37. Be2 Be4 38. Rc1 b6 39. b4 Kf6 40. bxc5 Bxc5 41. Bc4 f3 42. gxf3 Bxf3 43. Be2 Bd5 44. Bc4 Bf3 1/2-1/2